000 00338nam a2200145Ia 4500
008 191201s2012 xx 000 0 und d
082 _a658.8
_bNEM
100 _aNEELAMEGHAM, S
245 0 _aMarketing in India
250 _a3rd
260 _aN.Delhi
_bVikas Publication House
_c2012
300 _a706
650 _aMBA
942 _2ddc
_cBK
999 _c3022
_d3022